Štátnik a národohospodár Milan Hodža 1878-1944

Podrobná bibliografia
Hlavný autor: Cambel, Samuel, 1928-2004 (Autor)
Médium: Kniha
Jazyk:slovenčina
Fyzický popis:231 s. fotogr., mp., tab. 24 cm
Vydavateľské údaje: Bratislava Veda 2001
ISBN:8022406694
Predmet:

MARC

LEADER 00000nam a2200000 a 4500
001 vtls001426391
003 SK-MaSNL
005 20260302001801.0
008 240318s2001 xo aba grd 011 0bslo
015 |a SNBA2002/05-01604 
020 |a 8022406694 
035 |a SNK000381328 
035 |a urn:nbn:sk:snk-amknsr 
035 |a urn:nbn:sk:snk-am008itm 
035 |a F4FF1CC5-0501-4A85-82C7-25FF3375C728 
040 |a SNK  |b slo  |c SNK  |e AACR2 
041 0 |a slo  |b eng 
044 |a xo  |c SK 
080 |a 32-05  |2 1981 
080 |a 338-05  |2 1981 
080 |a 929 Hodža, Milan  |2 1981 
100 1 |a Cambel, Samuel,  |d 1928-2004  |4 aut  |9 109226 
245 1 0 |a Štátnik a národohospodár Milan Hodža 1878-1944  |c Samuel Cambel 
260 |a Bratislava  |b Veda  |c 2001 
300 |a 231 s.  |b fotogr., mp., tab.  |c 24 cm 
500 |a Fotogr. na front. 
504 |a Bibliogr. s. 228-231. Men. reg. Res. angl. 
600 1 7 |a Hodža, Milan,  |d 1878-1944  |2 SNKPH  |9 184939 
655 7 |a biografie  |2 SNKPH  |9 27965 
919 |a 80-224-0669-4 
958 |a TL 
958 |a NB 
958 |a BX 
999 |c 985282  |d 987212 
952 |t P60, <03>, [BOOK], {603}  |a SNK  |b SNK  |y PREZ  |7 0  |p 17A0326826  |o snkSC 106906  |i snkKSP 112/2002  |0 0  |1 0  |4 0  |d 2002-01-07  |f 1  |l 0  |r 2025-09-26 00:00:00  |w 2026-02-24 
952 |a SNK  |b SNK  |y VYP  |7 0  |p 17A0326827  |o snkSC 106906 D1  |i snkKSP 113/2002  |0 0  |1 0  |4 0  |d 2002-01-07  |l 0  |r 2005-01-02 00:00:00  |w 2026-02-24 
952 |t snkHOD 32:929  |a SNKUST  |b SNKUST  |y PREZ  |7 0  |p 17A0464619  |o snkSC 106906 D2  |i snk2005/16513  |8 3  |g 5.71  |0 0  |1 0  |4 0  |d 2005-10-06  |l 0  |r 2025-04-28 00:00:00  |w 2026-02-24